Gaming Quiz

Random Gaming or Video Games Quiz

Civilization II Technologies Quiz Stats

 Plays Quiz Updated Feb 20, 2020

Support Sporcle.
Go Orange.
Score 0/88 Timer 15:00
1 Play Today
Technology % Correct
Writing
61.8%
The Wheel
61.7%
Advanced Flight
60.7%
Flight
60%
Democracy
59.7%
Gunpowder
58.7%
Iron Working
58.2%
Bronze Working
56.5%
Communism
55.3%
Monarchy
53.2%
Alphabet
52.7%
Pottery
51.6%
Electricity
50%
Masonry
48.7%
Horseback Riding
48.7%
The Republic
48.2%
Monotheism
47.2%
Mathematics
46.4%
Navigation
46.2%
Steel
45.7%
Polytheism
45.5%
Railroad
45.4%
Chemistry
41.1%
Engineering
40.8%
Construction
40.7%
Computers
40.7%
Rocketry
39.6%
Physics
39.6%
Currency
39.6%
Astronomy
39%
Technology % Correct
Automobile
38.7%
Banking
38.4%
Feudalism
38.4%
Medicine
37.6%
Map Making
36.9%
Space Flight
36.7%
Radio
36.2%
Metallurgy
35.6%
Chivalry
35.3%
Philosophy
34.4%
Trade
34.1%
Nuclear Power
33.8%
Economics
33.6%
Steam Engine
33.6%
Combustion
33.6%
Theology
33.3%
Literacy
33.3%
Refrigeration
33%
Nuclear Fission
32.3%
Bridge Building
31.4%
Fusion Power
31.3%
Ceremonial Burial
30.8%
Fundamentalism
30.2%
Code of Laws
30%
Mysticism
29.7%
Conscription
29.4%
Electronics
29.2%
Industrialization
29.2%
Plastics
29.1%
Seafaring
28.9%
Technology % Correct
Mass Production
28.9%
Invention
28.7%
Espionage
28.6%
Sanitation
27.9%
Magnetism
26.6%
The Laser
26.5%
Stealth
26.5%
Robotics
26.4%
University
26.2%
Recycling
25.9%
Warrior Code
25.4%
Explosives
24.6%
The Corporation
24.4%
Amphibious Warfare
23.9%
Atomic Theory
23.5%
Environmentalism
22.7%
Tactics
22.3%
Mobile Warfare
21.3%
Theory of Gravity
20.9%
Refining
20%
Miniaturization
19.8%
Labor Union
19.5%
Guerrilla Warfare
19.4%
Leadership
19.4%
Superconductor
19.1%
Combined Arms
18.8%
Genetic Engineering
18.8%
Machine Tools
15.9%

You're not logged in!

Compare scores with friends on all Sporcle quizzes.
OR
Log In
Forgot?

From the Vault

Tiny Almost Useless Trivia II

by sproutcm

This may be the cutest trivia we've ever seen.
Remove Ads.
Support Sporcle.
Get the best of Sporcle when you Go Orange. This ad-free experience offers more features, more stats, and more fun while also helping to support Sporcle. Thank you for becoming a member.

Show Comments

Extras

Top Quizzes Today


Score Distribution

Your Account Isn't Verified!

In order to create a playlist on Sporcle, you need to verify the email address you used during registration. Go to your Sporcle Settings to finish the process.

Report this User

Report this user for behavior that violates our Community Guidelines.

Details: